000 00432nam a2200157 i 4500
001 69811
003 ES-MaACL
007 t|
008 040712s1982 sp ||||1| spa d
100 1 _aGarcía Hortelano, Juan.
_954775
245 1 0 _aGramática parda /
_cJuan García Hortelano.
250 _a[1ª ed.].
260 _a[Barcelona] :
_bArgos Vergara,
_c[1982]
300 _a358 p. ;
_c20 cm.
852 _aES-MaACL
_jL-3938
_bR.104488
999 _c69811
_d69811